Driving value using activity-based budgeting /

Salvato in:
Dettagli Bibliografici
Autore principale: Brimson, James A., 1947-
Natura: Libro
Lingua:English
Pubblicazione: New York : John Wiley and Sons, 1998.
Soggetti:
Tags: Aggiungi Tag
Nessun Tag, puoi essere il primo ad aggiungerne! !
Thư viện lưu trữ: Mạng thư viện Đại học Đà Nẵng
LEADER 00876cam a2200337 i 4500
001 000046178
003 5631
005 20030312104627.0
008 010220|1998 vm 000 eng
020 |a 0471086312 
040 |a IRC  |c IRC  |d IRC 
041 0 |a eng 
082 1 4 |a 658.154  |b BR-J 
100 1 |a Brimson, James A.,  |d 1947- 
245 0 0 |a Driving value using activity-based budgeting /  |c James A. Brimson. 
260 |a New York :  |b John Wiley and Sons,  |c 1998. 
300 |a xii, 276p. :  |b ill. 
630 0 4 |a Accounting. 
650 0 4 |a Managerial accounting. 
650 0 4 |a Cost accounting. 
650 0 4 |a Activity based costing. 
OWN |a DUT 
999 |a From the UDN01 
TYP |a Monograph 
TYP |a Printed language 
980 |a Mạng thư viện Đại học Đà Nẵng